Rzemieślnicy szczekocinscy od XVIII do połowy XX wieku

Titel: Rzemieślnicy szczekocinscy od XVIII do połowy XX wieku / Lech Frączek
Verfasser:
Veröffentlicht: Szczekociny : [Verlag nicht ermittelbar], 2016
Umfang: 471 Seiten : Illustrationen ; 23 cm
Format: Buch
Sprache: Polnisch
Schlagworte:
ISBN: 7683392348348
Kein Bild verfügbar
X
alg: 40586201
001A    $03004:18-07-17 
001B    $01999:01-11-24 $t18:48:13.000 
001C    $03004:04-10-17 $t09:14:12.000 
001D    $03004:04-10-17 
001U    $0utf8 
001X    $00 
002@    $0Aau 
002C    $aText $btxt $2rdacontent 
002D    $aohne Hilfsmittel zu benutzen $bn $2rdamedia 
002E    $aBand $bnc $2rdacarrier 
003@    $0405862016 
004D    $A768-33-9234-834-8 
006C    $0968511160 $aOCoLC 
007A    $0405862016 $aHEB 
009P    $qapplication/pdf $A2 $3Inhaltsverzeichnis $uhttp://scans.hebis.de/HEBCGI/show.pl?40586201_toc.pdf $mV:DE-604 
010@    $apol 
010E    $erda 
011@    $a2016 
021A    $aRzemieślnicy szczekocinscy od XVIII do połowy XX wieku $hLech Frączek 
028A    $BVerfasser $4aut $D20231015 $Ecgwrk $8Frączek, Lech$Z1977- [Tp3] $9457562528 
033A    $pSzczekociny $n[Verlag nicht ermittelbar] 
034D    $a471 Seiten 
034I    $a23 cm 
034M    $aIllustrationen 
037A    $aLiteraturverzeichnis Seite 441-465 
037A    $aNa książce wyłącznie błędny ISBN 
044A    $aRzemieślnicy $2jhpk $S7 $y1800-. $zPolska $zSzczekociny 
044K    $77627627-2 $8Szczekociny [Tg1] $9204382963 
044K    $RGewerbe $#Handicraft $#Artisanat $#handicrafts $#Handwerk $#Handwerk $74023299-2 $8Handwerk [Ts1] $9085057525 
045R    $aGeschichte 1701-1950 
046L    $aZusammenfassung in englischer Sprache 

lok: 40586201 24

exp: 40586201 24 1 #EPN
201B/01 $004-10-17 $t09:16:00.000 
201C/01 $018-07-17 
201U/01 $0utf8 
203@/01 $0100453731X 
208@/01 $a04-10-17 $bz 
209A/01 $a17.05707 $du $f050 $h17 05707 $x00 
209C/01 $a17.05707 K $h17 05707 K 
209G/01 $a73854482 $x00 
220C/01 $aho-sz 
247C/01 $8358050-7 Marburg, Bibliothek des Herder-Instituts Marburg $9102600961 

lok: 40586201 78

exp: 40586201 78 1 #EPN
201B/01 $030-01-24 $t16:10:49.000 
201C/01 $030-01-24 
201U/01 $0utf8 
203@/01 $01255460474 
208@/01 $a30-01-24 $be 
209A/01 $a/ $f000 $x00 
209A/01 $ab*p $x01 
220C/01 $apgar 
244Z/01 $#Generalgouvernement Polen $#Polska $#Rzeczpospolita Polska $#Polska Rzeczpospolita Ludowa $#Poland $#Pologne $#République Polonaise $#Generalne Gubernatorstwo w Polsce $#Polish People's Republic $#Polska Rzeczpospolita Polen $#PRL $#RP $#Polen Generalgouvernement $#Polska Generalgouvernement $#Besetzte Polnische Gebiete $#Besetztes Gebiet in Polen $#Okupowane Polskie Obszary $#Obszary Okupowane w Polsce $#Volksrepublik Polen $#Polska Rosyjska $#Republic Polen $#Respublika Pol'ša $#Pol'skaja Narodnaja Respublika $#République de Pologne $#Polen Links der Weichsel $#Polska po Lewej Stronie Wisły $#Lenkija $#Polija $#Gubernija Carstva Pol'skago $#Republik Polen $74046496-9 $8--Tg1--Polen $x01 $9085129801 
247C/01 $82080>Marburg/Lahn, Herder-Institut, Forschungsbibliothek, Bibliographieportal $9336309341
LEADER 00000cam a2200000 c 4500
001 405862016
003 DE-603
005 20241101184813.0
007 tu
008 170718s2016 xx |||| | u00||u|pol c
020 |z 7683392348348 
035 |a (DE-599)HEB405862016 
040 |a DE-603  |b ger  |c DE-603  |d DE-603  |e rda 
041 |a pol 
100 1 |a Frączek, Lech  |d 1977-  |e Verfasser  |4 aut  |0 (DE-603)457562528  |0 (DE-588)1202634915  |2 gnd 
245 0 0 |a Rzemieślnicy szczekocinscy od XVIII do połowy XX wieku  |c Lech Frączek 
264 1 |a Szczekociny  |b [Verlag nicht ermittelbar]  |c 2016 
300 |a 471 Seiten  |b Illustrationen  |c 23 cm 
336 |a Text  |b txt  |2 rdacontent 
337 |a ohne Hilfsmittel zu benutzen  |b n  |2 rdamedia 
338 |a Band  |b nc  |2 rdacarrier 
500 |a Literaturverzeichnis Seite 441-465 
500 |a Na książce wyłącznie błędny ISBN 
546 |a Zusammenfassung in englischer Sprache 
648 7 |a Geschichte 1701-1950  |2 gnd 
650 7 |a Handwerk  |0 (DE-588)4023299-2  |0 (DE-603)085057525  |2 gnd 
651 7 |a Szczekociny  |0 (DE-588)7627627-2  |0 (DE-603)204382963  |2 gnd 
856 4 2 |m V:DE-604  |q application/pdf  |u http://scans.hebis.de/HEBCGI/show.pl?40586201_toc.pdf  |3 Inhaltsverzeichnis 
924 0 |9 Mb 50  |a (DE-603)100453731X  |b DE-Mb50  |c HES  |d c  |g 17.05707 
924 0 |9 2080  |a (DE-603)1255460474  |b DE-2080  |c HES  |d d  |g /